00536nam a2200193 a 4500001001300000003000900013005001700022008004100039020002200080082001700102100002500119245002600144260005200170300001000222500003500232505003100267650001900298700002500317nice12345678IN_TiNIC20260116014543.0140711s2013 myla grp 000 0 eng  a9788178231082c4000a294.38bPRA1 aPrabhavananda, Swami aPatanjali Yoga Sutras aMylapore, Chennai bSri Ramakrishna Math c2013 a167p  aincludes index and biblioraphy2 a Expanations of subjects  aSutra-Buddhism1 aPrabhavananda, Swami